Tate McRae - Albums par photos - Statistiques

Statistiques générales
  • Ce quiz a été pris 125 fois
    91 depuis la dernière actualisation
  • Le résultat moyen est 4 sur 5
Statistiques - réponses
Par images Réponse % Correct
So Close to What
96%
THINK LATER
96%
I used to think I could fly
79%
Too Young to Be Sad
76%
All The Things I Never Said
58%
Aucun quiz correspondant
Distribution des résultats
% des personnes avec chaque résultat
Percentile par nombre de réponses
Votre historique - résultats
Vous n’avez pas pris ce quiz depuis la dernière actualisation